Central Library OPAC University of Rajshahi

Weed control : (Record no. 14176)

MARC details
000 -LEADER
fixed length control field 00869cam a22002891a 4500
001 - CONTROL NUMBER
control field 14176
003 - CONTROL NUMBER IDENTIFIER
rucl marc code BD-RjUL
005 - DATE AND TIME OF LATEST TRANSACTION
control field 20211208235602.0
008 - FIXED-LENGTH DATA ELEMENTS--GENERAL INFORMATION
fixed length control field 140205r1966 nyua b 001 0 eng
035 ## - SYSTEM CONTROL NUMBER
System control number (BD-RjUL)14228
System control number (OCoLC)1650856
040 ## - CATALOGING SOURCE
Original cataloging agency DLC
Transcribing agency FMU
Modifying agency DNAL
-- Nc
-- Uk
-- DLC
-- BD-RjUL
Language of cataloging eng
041 ## - LANGUAGE CODE
Language code of text/sound track or separate title eng
070 0# - NATIONAL AGRICULTURAL LIBRARY CALL NUMBER
Classification number SB611.K556
072 00 - SUBJECT CATEGORY CODE
Subject category code F900
082 ## - DEWEY DECIMAL CLASSIFICATION NUMBER
Classification number 632.954
Author mark and year KLW 1966
100 1# - MAIN ENTRY--PERSONAL NAME
Personal name Klingman, Glenn C.
9 (RLIN) 44272
245 00 - TITLE STATEMENT
Title Weed control :
Remainder of title as a science /
Statement of responsibility, etc. Glenn C. Klingman ; with the editorial assistance of Lyman J. Noordhoff.
260 ## - PUBLICATION, DISTRIBUTION, ETC. (IMPRINT)
Place of publication, distribution, etc. New York :
Name of publisher, distributor, etc. Wiley,
Date of publication, distribution, etc. c1961 [ Reprinted 1966].
300 ## - PHYSICAL DESCRIPTION
Pagination viii, 421 p. :
Illustrations ill. ;
Size 24 cm.
504 ## - BIBLIOGRAPHY, ETC. NOTE
Bibliography, etc Includes bibliographies and index.
650 #0 - SUBJECT ADDED ENTRY--TOPICAL TERM
Topical term or geographic name as entry element Weeds
General subdivision Control.
9 (RLIN) 44273
Topical term or geographic name as entry element Herbicides.
9 (RLIN) 44274
942 ## - ADDED ENTRY ELEMENTS (KOHA)
Source of classification or shelving scheme Dewey Decimal Classification
Koha item type Books
Holdings
Lost status Source of classification or shelving scheme Damaged status Not for loan Collection code Permanent Location Current Location Shelving location Date acquired Source of acquisition Cost, normal purchase price Total Checkouts Full call number Date last seen Copy number Koha item type
  Dewey Decimal Classification     Non-fiction Central Library, University of Rajshahi Central Library, University of Rajshahi   17/08/1967 Book View 54.00   632.954 KLW 1966 05/02/2014 C-2 Books
  Dewey Decimal Classification   Not For Loan Non-fiction Central Library, University of Rajshahi Central Library, University of Rajshahi Reading Room 20/11/1963 Zeitlinger 55.25   632.954 KLW 1961 09/02/2014 C-1 Books